Avacado Producing Countries - Statistics

General Stats
  • This quiz has been taken 43 times
  • The average score is 8 of 12
Answer Stats
Production in tons Country % Correct
195,492 Brazil
95%
1,889,354 Mexico
95%
172,630 USA
95%
309,431 Colombia
90%
455,394 Peru
90%
122,942 China
83%
137,365 Chile
78%
122,184 Guatemala
75%
304,938 Indonesia
60%
176,045 Kenya
20%
101,500 Israel
18%
601,349 Dominican Republic
15%
No matching quizzes found
Score Distribution
Percent of People with Each Score
Percentile by Number Answered
Your Score History
You have not taken this quiz